[Event "Central-SRB chT 2018"]
[Site "Kragujevac"]
[Date "2018.09.15"]
[Round "3"]
[White "Jesic, Dusan"]
[Black "Zivkovic, Dejan"]
[Result "1/2-1/2"]
[WhiteElo "2322"]
[BlackElo "2290"]
[Annotator "NA"]
[PlyCount "42"]
[EventDate "2018.09.14"]
[EventType "team-tourn"]
[EventCountry "SRB"]
[SourceTitle "playchess.com"]
[Source "ChessBase"]
[SourceQuality "1"]
[TimeControl "40/5400+30:1800+30"]

1. b3 {[%emt 0:00:00]} e5 {[%emt 0:05:16]} 2. Bb2 {[%emt 0:00:00]} Nc6 {[%emt 0:01:12]} 3. e3 {[%emt 0:01:15]} d5 {[%emt 0:02:20]} 4. Bb5 {[%emt 0:03:47]} f6 {[%emt 0:11:11]} 5. d4 {[%emt 0:12:12]} exd4 {[%emt 0:07:07] LiveBook: 6 Games} 6. exd4 {[%emt 0:06:49]} Be6 {[%emt 0:03:19]} 7. Nf3 {[%emt 0:01:38]} Qd7 {[%emt 0:04:26]} 8. O-O $11 {[%emt 0:06:08]} Nge7 {[%emt 0:09:38]} 9. Nc3 {[%emt 0:00:17]} Ng6 {[%emt 0:02:02]} 10. Re1 {[%emt 0:01:30]} O-O-O {[%emt 0:07:27]} 11. Na4 {[%emt 0:00:10]} Bg4 {[%emt 0:09:06]} 12. Re3 {[%emt 0:03:46]} Nh4 {[%emt 0:03:25]} 13. Be2 {[%emt 0:01:54]} Bxf3 {[%emt 0:02:56]} 14. Bxf3 {[%emt 0:00:11]} Nxf3+ {[%emt 0:00:17]} 15. Qxf3 {[%emt 0:02:15]} Bd6 {[%emt 0:01:00]} 16. Rae1 {[%emt 0:03:05]} Rhe8 {[%emt 0:04:35]} 17. g3 {[%emt 0:07:18]} Rxe3 {[%emt 0:01:06]} 18. Rxe3 {[%emt 0:00:11]} Bf8 {[%emt 0:01:02]} 19. Qe2 {[%emt 0:04:58]} f5 {[%emt 0:03:29]} 20. f4 {[%emt 0:05:53]} g6 {[%emt 0:01:32]} 21. c3 {[%emt 0:01:16]} Bd6 {[%emt 0:01:40]} 1/2-1/2

[Event "Central-SRB chT 2018"]
[Site "Kragujevac"]
[Date "2018.09.15"]
[Round "3"]
[White "Zivkovic, Sava"]
[Black "Dimitrijevic, Radmilo"]
[Result "1-0"]
[WhiteElo "2305"]
[BlackElo "2247"]
[Annotator "TA"]
[PlyCount "62"]
[EventDate "2018.09.14"]
[EventType "team-tourn"]
[EventCountry "SRB"]
[SourceTitle "playchess.com"]
[Source "ChessBase"]
[SourceQuality "1"]

{[%evp 21,62,36,34,31,34,30,75,82,85,56,81,90,86,85,75,80,81,80,66,20,69,60,64,15,13,15,149,138,148,157,156,127,156,158,149,166,267,285,264,248,243,143,138]} 1. e4 c5 2. Nf3 e6 3. d4 cxd4 4. Nxd4 Nc6 5. Nc3 d6 6. g3 Nf6 7. Bg2 Be7 8. O-O O-O 9. Nb3 a6 10. a4 Na5 11. Nxa5 {B80: Sicilian Scheveningen: 6 g3 and 6 Be3, including English Attack} Qxa5 {LiveBook: 3 Games} 12. Bd2 Qc7 13. a5 {White is slightly better.} Nd7 14. Na4 $1 Rb8 $146 ({Predecessor:} 14... b6 15. axb6 Qc6 16. Bc3 Bb7 17. Qe2 Bd8 18. Rfe1 Nxb6 {½-½ (41) Garbett,P (2276)-Lim,B (2045) Hamilton 2012}) 15. f4 Nc5 {[#]} 16. Nb6 $1 Nd7 17. Be3 Nxb6 18. Bxb6 Qc6 19. Ra3 {[%cal Ba1a3,Ba3c3,Bc3c7][%mdl 32]} Bd8 20. Qd4 Bxb6 21. Qxb6 Bd7 22. Rc3 Qxb6+ 23. axb6 Bb5 (23... Rfc8 $11) 24. Rd1 $16 Rfd8 25. Rc7 Bc6 26. c4 a5 {[#]} 27. e5 $1 d5 28. f5 Ra8 (28... h5 {was worth a try.} 29. cxd5 Bxd5) 29. fxe6 $18 fxe6 30. cxd5 exd5 31. e6 (31. Bh3 $18) 31... Rd6 {Precision: White = 72%, Black = 56%.} 1-0

[Event "Central-SRB chT 2018"]
[Site "Kragujevac"]
[Date "2018.09.15"]
[Round "3"]
[White "Colovic, Dusan"]
[Black "Ivanovic, Dragutin"]
[Result "*"]
[WhiteElo "2296"]
[BlackElo "2307"]
[Annotator "NA"]
[PlyCount "33"]
[EventDate "2018.09.14"]
[EventType "team-tourn"]
[EventCountry "SRB"]
[SourceTitle "playchess.com"]
[Source "ChessBase"]
[SourceQuality "1"]
[TimeControl "40/5400+30:1800+30"]

1. d4 {[%emt 0:00:00]} d5 {[%emt 0:00:46]} 2. Bf4 {[%emt 0:00:00]} Bf5 {[%emt 0:01:48]} 3. e3 {[%emt 0:00:15]} e6 {[%emt 0:00:16]} 4. Nc3 {[%emt 0:01:12]} Bd6 {[%emt 0:01:52]} 5. Nf3 {[%emt 0:01:51]} Bxf4 {[%emt 0:03:27]} 6. exf4 {[%emt 0:00:04]} Qd6 {[%emt 0:00:34]} 7. Qd2 {[%emt 0:00:19]} a6 {[%emt 0:14:37]} 8. Ne5 {[%emt 0:03:51]} h6 {[%emt 0:08:06]} 9. g4 {[%emt 0:02:04]} Bh7 {[%emt 0:00:38]} 10. Bg2 {[%emt 0:00:12]} Ne7 {[%emt 0:04:00]} 11. O-O-O {[%emt 0:03:33]} Nd7 $11 {[%emt 0:05:33]} 12. Rhe1 {[%emt 0:03:40]} Nxe5 {[%emt 0:04:23]} 13. fxe5 {[%emt 0:02:50]} Qb4 {[%emt 0:01:19]} 14. f4 {[%emt 0:07:35]} O-O-O {[%emt 0:00:26]} 15. Ne2 {[%emt 0:08:35]} Qxd2+ {[%emt 0:00:59]} 16. Kxd2 {[%emt 0:00:10]} b6 {[%emt 0:07:33]} 17. Rc1 {[%emt 0:05:22]} *

[Event "Central-SRB chT 2018"]
[Site "Kragujevac"]
[Date "2018.09.15"]
[Round "3"]
[White "Zivanovic, Bojan"]
[Black "Ignjatovic, Predrag"]
[Result "0-1"]
[WhiteElo "2093"]
[BlackElo "2246"]
[Annotator "TA"]
[PlyCount "108"]
[EventDate "2018.09.14"]
[EventType "team-tourn"]
[EventCountry "SRB"]
[SourceTitle "playchess.com"]
[Source "ChessBase"]
[SourceQuality "1"]

{[%evp 16,108,30,-12,-12,-15,-12,-21,0,-11,0,-15,-22,-18,-3,0,0,-11,0,-8,0,8,1,0,8,0,16,-16,0,-29,0,-137,-128,-136,-110,-112,-117,-254,-189,-199,-185,-175,-179,-156,-174,-202,-208,-242,-236,-428,-423,-421,-405,-404,-382,-531,-500,-593,-590,-802,-740,-675,-423,-468,-478,-422,-446,-588,-531,-631,-617,-1076,-581,-1031,-1021,-2353,-1400,-6613,-6613,-5919,-5612,-2242,-1929,-1679,-1407,-29984,-29985,-29985,-29986,-29986,-29987,-29987,-29988,-29988,-29989]} 1. e4 e5 2. Nc3 Nf6 3. Nf3 Nc6 4. Bc4 Bc5 5. d3 h6 6. O-O O-O 7. a3 d6 8. h3 Be6 9. Nd5 (9. Bxe6 {with more complications.} fxe6 10. Na4 Bb6 11. b4 Qe8 12. c3) 9... Bxd5 {C50: Hungarian Defence and Giuoco Pianissimo} (9... Re8 10. Be3 b6 {½-½ (10) Wallner,J (2297)-Lukacs,P (2420) Austria 2003}) 10. Bxd5 Nxd5 11. exd5 Ne7 {The position is equal.} 12. c4 Ng6 13. Be3 $146 ({Predecessor:} 13. Re1 Qf6 14. Re4 a6 15. d4 exd4 16. Nxd4 Rfe8 17. Rxe8+ Rxe8 18. Be3 Re4 19. Nb3 Bxe3 20. fxe3 Rxe3 21. Qd2 Rxb3 22. Rb1 Qg5 {0-1 (22) Murawa,M (1545)-Rudol,M (1473) Chelm Lubelski 2010}) 13... Bxe3 14. fxe3 f5 15. b4 Qd7 16. Qb3 Kh7 17. Rac1 Rad8 18. Rc2 c6 19. Qa4 Ne7 20. dxc6 bxc6 21. b5 c5 22. Re2 g5 23. d4 (23. Qc2 $11 {remains equal.}) 23... cxd4 24. exd4 e4 25. Nh2 Ng6 26. g3 (26. Qb3 $17) 26... Qc7 27. Qb3 Rde8 28. Rfe1 Rc8 29. Rc2 Qe7 30. Rce2 Qe6 31. g4 {intending d5.} Nf4 32. Re3 $2 (32. Rc2 {was the only chance.}) 32... Qxc4 $19 33. Qxc4 Rxc4 34. gxf5 d5 35. Rb1 Rxf5 36. Ng4 h5 37. Ne5 Rxd4 38. Nc6 Ra4 39. Rd1 g4 40. hxg4 hxg4 41. Rf1 Kg7 42. Kh2 Kf6 43. Rb1 Kg5 44. b6 axb6 45. Rxb6 Rf6 {[#] ( -> ...Rc4)} 46. Rb4 Rxb4 47. Nxb4 {[%mdl 4096] Endgame KRN-KRN} Kf5 48. Nc2 Rh6+ 49. Kg1 {[#]} g3 $1 50. Nd4+ (50. Rxg3 Ne2+) 50... Kg4 {Black mates.} 51. Rxg3+ Kxg3 52. Nf5+ Kf3 53. Nxh6 e3 {[%cal Be4e3,Be3e2][%mdl 32]} 54. Nf5 e2 {Precision: White = 29%, Black = 60%.} 0-1

[Event "Central-SRB chT 2018"]
[Site "Kragujevac"]
[Date "2018.09.16"]
[Round "4"]
[White "Rakhmanov, Aleksandr"]
[Black "Ivanov, Mikhail M"]
[Result "*"]
[WhiteElo "2647"]
[BlackElo "2367"]
[Annotator "TA"]
[PlyCount "74"]
[EventDate "2018.09.14"]
[EventType "team-tourn"]
[EventCountry "SRB"]
[SourceTitle "playchess.com"]
[Source "ChessBase"]
[SourceQuality "1"]

{[%evp 11,74,8,15,16,50,42,52,40,44,42,38,29,56,43,54,54,51,37,45,50,49,56,39,45,50,62,50,32,41,33,54,35,37,33,38,43,60,32,70,69,46,22,78,65,64,65,66,59,50,-49,-46,-41,-43,-42,-49,-53,-33,-66,-66,-70,-61,-104,-99,-110,-112]} 1. c4 c5 2. Nf3 g6 3. d4 Bg7 4. dxc5 (4. e4 Qa5+ 5. Nc3 Nc6 6. d5 Nd4 7. Bd2 Nxf3+ 8. Qxf3 d6 9. Bd3 Nf6 10. O-O O-O 11. Qg3 b5 12. cxb5 a6 13. a4 Qb4 14. Qf4 Qd4 15. Be2 axb5 16. axb5 Bb7 17. h3 {½-½ (31) Artemiev,V (2703)-Zvjaginsev,V (2644) Cheliabinsk 2018}) 4... Na6 5. g3 Nxc5 6. Bg2 {A40: Unusual replies to 1 d4} d6 {LiveBook: 5 Games} 7. Nd4 a5 8. Nc3 {White is slightly better.} Nf6 9. O-O O-O 10. h3 Bd7 $146 ({Predecessor:} 10... a4 11. e4 Be6 12. Nxe6 fxe6 13. Be3 Nfd7 14. Rc1 Qa5 15. Bd4 Bxd4 16. Qxd4 {1-0 (59) Schuermann,B-Branding,V (2135) Werther 2000}) 11. Be3 Qc8 12. Kh2 Ne6 13. Nxe6 Bxe6 14. Na4 {aiming for Nb6.} Nd7 15. Rc1 Qc7 16. b3 Nc5 17. Nc3 Rab8 18. Qd2 Rfc8 19. Nd5 Bxd5 20. Bxd5 Qb6 21. Rc2 Rc7 22. Rb1 Qa6 23. h4 Nd7 24. Kg2 Nf6 25. Bf3 h5 26. Rbc1 Rbc8 (26... b6 $11 {remains equal.}) 27. c5 $16 d5 28. Bf4 ({Don't blunder} 28. Bxd5 $2 Rd7 $19) 28... Rd7 29. a3 Ng4 30. Qd3 (30. b4 $14) 30... Qxd3 $1 $15 31. exd3 Ne5 $1 32. Bxe5 Bxe5 33. b4 e6 34. g4 hxg4 35. Bxg4 Rdc7 36. Re1 Bd4 37. Rce2 Kg7 {Precision: White = 57%, Black = 68%.} *

[Event "Central-SRB chT 2018"]
[Site "Kragujevac"]
[Date "2018.09.16"]
[Round "4"]
[White "Atalik, Suat"]
[Black "Savicevic, Vlatko"]
[Result "1-0"]
[WhiteElo "2512"]
[BlackElo "2338"]
[Annotator "TA"]
[PlyCount "59"]
[EventDate "2018.09.14"]
[EventType "team-tourn"]
[EventCountry "SRB"]
[SourceTitle "playchess.com"]
[Source "ChessBase"]
[SourceQuality "1"]

{[%evp 25,59,17,33,0,0,9,20,16,16,21,33,20,27,10,32,36,60,50,62,50,67,77,106,112,110,112,108,104,114,126,119,117,123,127,188,185]} 1. d4 d5 2. c4 e6 3. Nc3 Be7 4. Nf3 Nf6 5. g3 O-O 6. Bg2 dxc4 7. Ne5 c5 8. dxc5 Qc7 9. Nxc4 {E06: Closed Catalan: Early deviations} Qxc5 10. Qb3 Nc6 11. Be3 Nd4 12. Bxd4 Qxd4 13. O-O Qc5 {LiveBook: 3 Games} 14. Rad1 ({Don't blunder} 14. Bxb7 $2 Rb8 $19) 14... Rb8 15. Qb5 {[#]} Bd7 $146 ({Predecessor:} 15... Qxb5 16. Nxb5 Bd7 {½-½ (70) Beliavsky,A (2640)-Huebner,R (2620) Munich 1991}) 16. Qxc5 Bxc5 17. Ne5 Be8 18. Rd2 b5 19. Rc1 Rc8 20. e3 {[#] Nb1 is the strong threat.} Bb4 21. Rcc2 Ba5 22. Ne2 $36 {[%mdl 2048] White fights for an advantage.} Rxc2 23. Rxc2 Bd7 24. Nd4 Bb6 25. Nxd7 Nxd7 26. Nxb5 Ne5 27. Kf1 g5 28. Ke2 Rd8 29. b4 Rb8 (29... a6 $16 {was called for.}) 30. Nd6 {Precision: White = 83%, Black = 43%.} 1-0

[Event "Central-SRB chT 2018"]
[Site "Kragujevac"]
[Date "2018.09.16"]
[Round "4"]
[White "Marinkovic, Ivan"]
[Black "Gajic, Mladen"]
[Result "1-0"]
[WhiteElo "2459"]
[BlackElo "2291"]
[Annotator "TA"]
[PlyCount "107"]
[EventDate "2018.09.14"]
[EventType "team-tourn"]
[EventCountry "SRB"]
[SourceTitle "playchess.com"]
[Source "ChessBase"]
[SourceQuality "1"]

{[%evp 18,107,17,0,9,12,23,37,37,8,14,13,12,10,35,29,14,32,20,22,95,2,2,2,2,3,6,8,55,47,94,81,89,80,92,78,90,95,98,98,105,106,343,177,175,175,194,166,166,169,195,135,150,134,144,144,136,144,200,191,225,184,225,0,214,0,221,221,213,213,254,254,248,242,369,369,511,482,900,894,863,770,1060,981,946,999,29967,4618,29969,29969,29977,29975]} 1. e4 {Erenburg,S} g6 2. d4 Bg7 3. Nc3 d6 4. g3 Nd7 5. Bg2 Ngf6 6. Nge2 O-O 7. O-O c5 8. h3 Rb8 9. dxc5 Nxc5 10. Nd4 {LiveBook: 4 Partien. B07: Pirc-Ufimzew-Verteidigung} (10. a4 b6 11. Re1 Bb7 12. Nf4 Nfd7 13. Bd2 Rc8 14. Qe2 a6 15. Red1 e6 16. Be1 Qe7 17. Qe3 Ne5 {0-1 (62) Nepomniachtchi,I (2717)-Grischuk,A (2779) Khanty-Mansiysk 2013 CBM 154 Extra [Grivas,E]}) 10... Bd7 11. a4 b6 $146 ({Vorgänger:} 11... a6 12. Re1 Re8 13. Be3 Qc8 14. Kh2 b5 15. axb5 axb5 16. b4 Na4 17. Nxa4 bxa4 {½-½ (63) Gurevich,D (2502)-Gulko,B (2583) Buenos Aires 2003 CBM 097 [Erenburg,S]}) 12. Be3 {Weiß hat minimalen Vorteil.} Qc8 13. Kh2 a6 14. Re1 Re8 15. Qe2 b5 16. axb5 axb5 17. e5 dxe5 18. Ndxb5 Ne6 (18... e4 $11 {hält das Gleichgewicht.}) 19. Red1 (19. Ba7 $16) 19... Nd4 $11 20. Nxd4 ({Ein No Go ist} 20. Bxd4 exd4 21. Nxd4 (21. Rxd4 Bxb5 22. Nxb5 Qc5 $17) 21... Rxb2 $17) 20... exd4 21. Rxd4 Rxb2 22. Rc4 Qb8 23. Bc1 {Und Ta8 würde nun gewinnen.} Rb6 24. Ra8 $36 {[%mdl 2048] Weiss hat starke Initiative.} Qd6 25. Ba3 Qe6 {Droht ...Txa8 und aus.} 26. Rxe8+ Bxe8 27. Qxe6 Rxe6 28. Rc8 {zielt auf Ld5 ab.} h6 29. Nd5 {Und weiter mit Sc7 wäre nett.} Re2 $2 (29... Kh7 $16) 30. Nxf6+ (30. Bxe7 $142 Nxd5 31. Rxe8+ Kh7 32. Bxd5) 30... exf6 $18 31. Bc6 $1 {[%cal Rc6e8]} Rxf2+ 32. Kg1 Rxc2 33. Rxe8+ Kh7 34. Bg2 (34. Bb5 $18) 34... f5 $16 35. h4 {[%cal Bh3h4,Bh4h5][%mdl 32]} Bf6 36. Bd6 Bd4+ 37. Kh2 g5 {[#]} (37... Kg7 $16 {war einen Versuch wert.} 38. Rd8 Bf6 39. Bf8+ Kh7) 38. h5 $1 $18 f6 39. Re7+ Kh8 40. Re8+ Kh7 $1 41. Re7+ Kh8 $1 {[#]} 42. Re1 $1 Rd2 43. Rf1 Bf2 44. Bb4 Rc2 45. Rd1 Bb6 (45... Bc5 $142) 46. Rd6 Bc7 47. Rxf6 f4 (47... Rc4 $142 48. Rxh6+ Kg7) 48. Rxh6+ Kg7 49. Rg6+ Kh7 50. Kh3 fxg3 51. Rxg5 {jetzt Le4+ und aus.} Rc4 52. Be7 (52. Rg4 $142 Rxg4 53. Kxg4 Be5 54. Bd2 Kg7 55. Kf5 Bb2 56. h6+ Kh7 57. Be4) 52... Kh6 53. Rf5 Rc3 54. Bf3 {Precision: Weiß = 64%, Schwarz = 43%.} 1-0

[Event "Central-SRB chT 2018"]
[Site "Kragujevac"]
[Date "2018.09.16"]
[Round "4"]
[White "Nestorovic, Nikola"]
[Black "Colovic, Dusan"]
[Result "1-0"]
[WhiteElo "2453"]
[BlackElo "2296"]
[Annotator "TA"]
[PlyCount "81"]
[EventDate "2018.09.14"]
[EventType "team-tourn"]
[EventCountry "SRB"]
[SourceTitle "playchess.com"]
[Source "ChessBase"]
[SourceQuality "1"]

{[%evp 32,81,46,26,49,42,48,25,33,24,55,22,36,22,33,46,50,32,48,40,20,0,0,0,28,22,18,20,100,38,138,57,52,30,33,26,41,29,75,74,78,85,233,233,348,331,29955,10927,6111,6011,5812,5780]} 1. e4 c5 2. Nf3 Nc6 3. Nc3 Nf6 4. d4 cxd4 5. Nxd4 e5 6. Ndb5 d6 7. Bg5 a6 8. Na3 b5 9. Nd5 Be7 10. Bxf6 Bxf6 11. c4 b4 12. Nc2 Rb8 13. b3 O-O {B33: Sizilianisch (Lasker/Pelikan/Sweschnikow-Variante)} 14. g3 Bg5 (14... Be6 15. h4 Rb7 16. Rc1 a5 17. Bh3 Bxd5 18. cxd5 Na7 19. Bf1 {1-0 (78) Morozevich,A (2665)-Dubov,D (2701) Moscow 2018}) 15. Bg2 Be6 16. O-O a5 17. Qd3 {LiveBook: 14 Partien} Ne7 18. h4 Bh6 19. Nde3 Bxe3 20. Nxe3 Qb6 21. Rad1 $146 Rfd8 22. Kh2 Nc6 23. f4 f6 24. Nc2 Qc5 25. Rd2 a4 26. Rf3 axb3 27. axb3 Ra8 28. Qf1 Ra2 29. Rfd3 Ra6 (29... Bf7 $11 {hält das Gleichgewicht.}) 30. Qd1 (30. f5 $16 Bf7 31. g4) 30... Ne7 ({Günstiger ist} 30... Bf7 $14) 31. fxe5 (31. f5 $16 Bf7 32. g4) 31... fxe5 $14 32. h5 h6 33. Bh3 Bxh3 34. Kxh3 Kh8 35. Ne3 Rf8 {[#]} 36. Ng4 $1 {[%cal Rd3d6]} Qa7 (36... Rd8 $16 {war nötig.}) 37. Rxd6 $18 Ra1 (37... Rxd6 {war einen Versuch wert.} 38. Rxd6 Qc5) 38. Rd8 Rxd1 $2 (38... Rxd8 $18 39. Rxd8+ Kh7) 39. Rxf8+ Kh7 40. Rxd1 {[#] Weiss droht Tdd8 und Matt.} Nc6 41. Rdf1 {Precision: Weiß = 69%, Schwarz = 26%.} 1-0

[Event "Central-SRB chT 2018"]
[Site "Kragujevac"]
[Date "2018.09.16"]
[Round "4"]
[White "Barlov, Dragan"]
[Black "Pezelj, Novak"]
[Result "0-1"]
[WhiteElo "2414"]
[BlackElo "2457"]
[Annotator "TA"]
[PlyCount "133"]
[EventDate "2018.09.14"]
[EventType "team-tourn"]
[EventCountry "SRB"]
[SourceTitle "playchess.com"]
[Source "ChessBase"]
[SourceQuality "1"]

{[%evp 18,133,13,0,0,-32,0,6,0,-20,-9,-46,-42,-52,-36,-73,-54,-43,-41,-65,29,-49,-1,-18,28,15,14,13,47,0,0,-11,37,-11,-11,-11,-10,-13,0,0,0,0,2,-29,-29,-33,-41,-39,33,-8,-12,-15,0,-12,-20,-31,-19,-8,-8,-11,-18,-32,-29,-37,-35,-41,-19,-20,0,0,0,0,0,-14,0,0,0,0,0,0,0,-19,-21,-35,20,20,23,28,25,23,25,22,42,31,33,16,22,21,23,8,17,9,53,25,18,22,24,12,14,0,14,0,0,0,0,0,0,0]} 1. Nf3 d6 2. d4 f5 3. c4 Nf6 4. g3 g6 5. Bg2 Bg7 6. O-O O-O 7. d5 Na6 {[%cal Bb8a6,Ba6c5,Bc5a4][%mdl 32]} 8. Nc3 Bd7 9. Nd4 Qe8 10. Re1 {LiveBook: 12 Partien} Nc5 {A87: Holländische Verteidigung (Leningrader Variante)} 11. Nb3 $146 ({Vorgänger:} 11. b3 c6 12. Bb2 Nfe4 13. Rc1 Qf7 14. dxc6 bxc6 15. e3 a5 16. Qc2 a4 {0-1 (37) Tin,J (2326)-Dao,T (2482) Ho Chi Minh City 2015}) 11... Na4 12. Nb5 Qc8 13. N3d4 Nb6 14. Na3 c6 15. dxc6 bxc6 16. c5 dxc5 17. Nb3 c4 18. Nc5 $1 Nfd5 {[#]} (18... Be6 $15) 19. Qc2 (19. Nxc4 $1 $11 {[%mdl 512]} Nxc4 20. Bxd5+ cxd5 21. Qxd5+ Kh8 22. Qxc4 (22. Nxd7 $2 Rd8 $19)) 19... c3 {und nun wäre ...f4 stark für Schwarz.} 20. Rb1 Be8 21. bxc3 Bxc3 22. Bd2 Bg7 23. e4 fxe4 24. Qxe4 Bd7 25. Ne6 Bxe6 26. Qxe6+ Qxe6 27. Rxe6 Rf6 28. Re4 Raf8 29. Be1 Rf5 30. Rb3 Re5 31. Nc2 Rxe4 32. Bxe4 Rf6 ({Lieber} 32... Rc8 $15) 33. Kf1 {[%mdl 1024] Weiss hat Kompensation.} Rd6 34. Ra3 Rd7 35. Ra6 e6 36. f4 Kf7 37. Bf2 Rc7 38. Bc5 Bf8 39. Bd4 Bd6 40. Ke2 c5 41. Bf2 Ke7 42. Be1 Kd7 43. Na3 Kc6 44. Ra5 Rb7 45. Kd3 Nc8 46. Nc4 Bc7 47. Ra6+ Kd7 48. Kc2 Nce7 49. a3 Nc6 50. Bf2 Rb5 (50... Bb6 $15) 51. Bd3 $11 Rb7 52. Bxc5 Bb6 53. Nxb6+ axb6 54. Bf2 Nb8 55. Ra4 Kd6 56. Kd2 Nd7 57. Ra8 Nc5 58. Bc2 Kc6 59. Rc8+ Kb5 (59... Kd7 {looks sharper.} 60. Rh8 Kc6 61. Kc1 Nc3 62. Re8 Kd5) 60. Bxc5 bxc5 $14 {[%mdl 4096] Endspiel KTL-KTS} 61. Bd3+ Kb6 $1 62. Re8 Nc7 {Die Stellung ist ausgeglichen.} 63. Rd8 Ra7 64. Rb8+ Kc6 65. Rb3 Kd5 {[#] ...c4 ist eine echte Drohung.} 66. Kc3 Ra4 67. Bc2 {[%mdl 32768] Precision: Weiß = 45%, Schwarz = 50%. . Loss on Time!?} 0-1

[Event "Central-SRB chT 2018"]
[Site "Kragujevac"]
[Date "2018.09.16"]
[Round "4"]
[White "Djordjevic, Vuk"]
[Black "Radovanovic, Nikola"]
[Result "1/2-1/2"]
[WhiteElo "2404"]
[BlackElo "2420"]
[Annotator "TA"]
[PlyCount "72"]
[EventDate "2018.09.14"]
[EventType "team-tourn"]
[EventCountry "SRB"]
[SourceTitle "playchess.com"]
[Source "ChessBase"]
[SourceQuality "1"]

{[%evp 16,72,-10,-7,38,38,46,45,54,38,51,37,52,47,85,76,100,35,58,0,36,32,70,0,0,0,48,50,57,24,29,30,34,0,0,0,0,0,57,7,42,-62,-33,-35,-31,-17,-66,-176,38,0,0,0,0,-17,-17,-26,1139,249,587]} 1. d4 d5 2. Bf4 c5 3. e3 Nc6 4. c3 Nf6 5. Nd2 e6 6. Ngf3 Bd6 7. Bg3 O-O 8. Bd3 b6 9. Qe2 {LiveBook: 137 Partien. D02: Damenbauernspiele} (9. e4 Be7 10. e5 Nh5 11. Nf1 cxd4 12. Nxd4 Nxd4 13. cxd4 g6 14. Ne3 f5 15. exf6 Bxf6 16. Be2 Nxg3 17. hxg3 {½-½ (37) Nakamura,H (2787)-Svidler,P (2760) Moscow 2018}) 9... cxd4 10. exd4 Ne7 $146 ({Vorgänger:} 10... Bb7 11. Ne5 Bxe5 12. dxe5 Nd7 13. Qh5 f5 14. exf6 Nxf6 15. Qh3 e5 16. O-O-O Bc8 {½-½ (36) Colin,V (2372)-Inkiov,V (2447) Rochefort 2017}) 11. O-O {Weiß steht etwas besser.} Bb7 12. a4 a5 13. Rfe1 Bxg3 14. hxg3 g6 15. Ne5 Ne8 16. Ng4 ({Lieber} 16. g4 $16) 16... Bc8 17. Ne5 (17. Nh2 $14) 17... f6 18. Nef3 Nc7 19. b4 (19. g4 $14) 19... axb4 $11 20. cxb4 Qd6 21. b5 Bd7 22. Qd1 Ra5 23. Nb3 Ra7 24. Qe2 Rfa8 25. a5 bxa5 26. Nc5 Nc8 ({Besser ist} 26... Rb8 $11) 27. Rec1 Be8 28. Re1 (28. g4 $14) 28... e5 $15 29. dxe5 Qxc5 30. exf6 {[#] zielt auf Tac1 ab.} Qd6 ({Natürlich nicht} 30... Bxb5 $6 31. Rac1 $16) 31. Nh2 (31. Qb2 $15) 31... h5 $2 (31... Qxf6 $19 {Weiss muss nun ...Ld7 beachten.} 32. Ng4 Qg7) 32. g4 {Und gxh5 würde nun gewinnen.} Qxf6 {Und weiter mit ...Sb6 wäre nett.} 33. gxh5 gxh5 34. Ra3 Nb6 {[#] Droht ...Lf7 und aus.} 35. Bb1 h4 $2 {[%mdl 8192]} (35... Nxb5 $11 36. Rf3 Nd4 37. Rxf6 Nxe2+ 38. Rxe2 Nc4) 36. Rf3 $2 (36. Qg4+ Qg7 37. Qxh4 Nxb5 38. Rg3 Qxg3 39. fxg3) 36... Qg7 $2 {[%mdl 32768] Precision: Weiß = 28%, Schwarz = 34%. . An unexpected result.} (36... Bh5 37. Rxf6 Bxe2) 1/2-1/2

[Event "Central-SRB chT 2018"]
[Site "Kragujevac"]
[Date "2018.09.16"]
[Round "4"]
[White "Soysal, Serkan"]
[Black "Draskovic, Luka"]
[Result "1/2-1/2"]
[WhiteElo "2404"]
[BlackElo "2449"]
[Annotator "TA"]
[PlyCount "86"]
[EventDate "2018.09.14"]
[EventType "team-tourn"]
[EventCountry "SRB"]
[SourceTitle "playchess.com"]
[Source "ChessBase"]
[SourceQuality "1"]

{[%evp 14,86,47,20,58,9,33,14,19,4,18,-11,10,14,18,15,16,16,18,-64,17,19,37,15,12,0,77,-20,0,-38,-38,-63,92,-40,-45,-41,-40,-44,-41,-54,-50,-57,-9,-29,-31,-27,-3,-3,-3,-3,-3,-3,-3,-3,0,-11,0,-20,-20,-19,-21,-56,-54,-75,55,0,0,0,0,0,0,0,0,0,0]} 1. Nf3 Nf6 2. c4 g6 3. Nc3 Bg7 4. d4 O-O 5. e4 d6 6. h3 Na6 7. Bg5 Qe8 8. g4 c6 {E90: King's Indian: Classical: Early deviations and 6 h3} (8... c5 9. Qd2 b6 10. Rd1 cxd4 11. Nxd4 Bb7 12. f3 Nc5 13. Bh6 a6 14. Be2 Rd8 15. h4 e5 16. Nf5 Bxh6 17. Qxh6 Ne6 18. Nd5 Nxd5 19. cxd5 gxf5 20. gxf5 Kh8 21. Qf6+ Ng7 22. Rg1 Rg8 23. h5 {1-0 (23) Nepomniachtchi,I (2717)-Ponomariov,R (2756) Riga 2013}) 9. Bd3 Nc7 $146 ({Predecessor:} 9... e5 10. d5 h6 11. Be3 Nh7 12. Rg1 Qe7 13. h4 g5 14. hxg5 hxg5 15. Qd2 f6 16. Rd1 {½-½ (32) Dylag,E (1833)-Brnusak,T (1796) Liptovsky Mikulas 2017}) 10. Qe2 e5 11. d5 Bd7 12. a4 a5 13. Nd2 Na6 14. f3 Nb4 15. Bb1 Kh8 16. h4 (16. Qg2 $11) 16... h6 (16... h5 $15) 17. Be3 $11 Qe7 18. Nf1 Rfc8 19. Ng3 Nh7 (19... cxd5 $11 20. exd5 e4 $1 {[%mdl 512]} 21. Ngxe4 Nxe4 22. fxe4 (22. Bxe4 f5 $17) 22... Qe5) 20. Kf2 (20. Kf1 $16) 20... Bf6 21. Bxh6 Bxh4 22. Be3 Bg5 $2 {[#]} (22... Kg7 $15 {stays ahead.}) 23. Bd3 (23. Nf5 $1 $16 {[%cal Rf5e7]} gxf5 24. exf5 Bh4+ 25. Kg2) 23... Kg7 $15 24. Qd2 Bxe3+ 25. Qxe3 {Threatening mate with Qh6+.} Ng5 26. Kg2 Rh8 27. Rad1 c5 28. b3 Qf6 {White must now prevent ...Qf4.} 29. Bb1 $1 Rxh1 (29... Rag8 {keeps more tension.} 30. Rxh8 Rxh8 31. Rh1 Rxh1 32. Nxh1 Qf4) 30. Rxh1 Rh8 31. Rxh8 Kxh8 32. Nd1 Kg8 33. Nf2 b6 34. Ne2 Na6 35. f4 exf4 36. Qxf4 Qe7 37. Qg3 Nb8 38. Nf4 Qe5 (38... Bc8 $17) 39. N4h3 ({Better is} 39. N4d3 $14 Qxg3+ 40. Kxg3) 39... Qxg3+ $11 {The position is equal.} 40. Kxg3 Nxh3 41. Nxh3 Bc8 42. Nf2 Nd7 43. g5 Kg7 {Precision: White = 38%, Black = 43%.} 1/2-1/2